000 00325 a2200109 4500
001 ART_28075
005 20260410161951.0
008 260409a
245 1 0 _aNotes on optimal debt management
100 1 _aBarro, Robert J.
773 0 _tJournal of applied economics
_g- Vol. 2, NÂș 2 (nov. 1999)
_wREV28044
999 _c30359
_d30359